000 01156nam a22003257a 4500
003 CHAP
005 20220329134825.0
008 971013s1984 r 00010 d
010 _a26537
011 _a27509
035 _a31610
040 _cCHAP
082 _a574.82
_bC65
100 0 0 _aConger, Bob Vernon.
_926652
245 _aCloning agricultural plants via in vitro techniques
260 _aBoca Raton, Fla. :
_bCRC Press,
_c1984
300 _a273 p.
590 _aBATCH-UPD
_b10
_c20130110
_lUCH01
_h1602
590 _aBATCH-UPD
_b10
_c20130410
_lUCH01
_h0958
590 _aBATCH-UPD
_b10
_c20130914
_lUCH01
_h1031
590 _aCONVERSION
_b10
_c20130109
_lUCH01
_h1315
650 1 4 _aCultivo de tejidos.
_930213
650 1 4 _aPropagación de plantas.
_992417
901 _aBK
942 _cLIBRO
949 _a574.82 C65
_bBC
_cLIBRO
_d33724000450631
_eLIBRO
_fc.3
_gI.149123
_h77703
_i31610
_si
_t368.50
949 _a574.82 C65
_bBC
_cLIBRO
_d33724000506861
_eLIBRO
_fc.4
_h78982
_i31610
_si
949 _a574.82 C65
_bBC
_cLIBRO
_d33724000506879
_eLIBRO
_gI.122838
_h62929
_i31610
_si
949 _a574.82 C65
_bBC
_cLIBRO
_d33724000895405
_eLIBRO
_fc.2
_h63489
_i31610
_si
999 _c26537
_d26537